000 00518nam a22001817a 4500
005 20251108172634.0
008 250721s1997 xx 000 0 ara d
082 1 4 _a616,0252/حوا
100 1 _aحوارة، أنور
245 1 0 _aالوجيز في إسعافات الأطفال /
264 1 _aدمشق :
_bجامعة دمشق،
_c1997.
300 _a227 ص
650 1 7 _aالإسعافات الاولية
650 1 7 _aالأطفال
650 1 7 _aطب الأطفال
942 _2ddc
_cBK
999 _c84705
_d84705